000 01083nam a2200241Ia 4500
001 19566
003 GE_BSU
008 181216s||||||||xx |||||||||||||| ||und||
040 _cGE_BSU
080 _a02
245 _aხარისხის მართვა უნივერსალურ სამეცნიერო ბიბლიოთეკებში
245 _bმეთოდური რეკომენდაციები
245 _cშემგდ.გ. თაყნიაშვილი, ნ. ქავთარაძე. რედ. ა. ლორია, ლ. ზამბახიძე
260 _aთბილისი
260 _c2007
300 _a44გვ.
541 _h3ლ.10თ.
653 _aბიბლიოთეკარი
653 _aმეთოდური რეკომენდაციები
653 _aქსეროქსი
653 _aხარისხის მართვა უნივერსალურ სამეცნიერო ბიბლიოთეკებში
942 _cBK
999 _c52542
_d52542